Wird geladen...

Tales of troy and greece

Bibliographische Detailangaben
1. Verfasser: Lang, Andrew
Format: Printed Book
Sprache:English
Veröffentlicht: London : longmans , c1907.
LEADER 00415nam a22001217a 4500
008 170517b xxu||||| |||| 00| 0 eng d
100 |a Lang, Andrew 
245 |a Tales of troy and greece 
260 |a London :  |b longmans ,  |c c1907. 
300 |b 288p. 
942 |c BK 
999 |c 199847  |d 199847 
952 |0 0  |1 0  |4 0  |6 292_000000000000000_LAN_T  |7 0  |9 221192  |a ENG  |b ENG  |c REF  |d 2017-05-17  |i 12175  |l 0  |o 292 LAN/T  |p ENG12175  |r 2017-05-17  |w 2018-08-21  |y REF